Miasta województwa białostockiego II RP z mapą - Statystyki

Ogólne statystyki
  • Ten quiz został rozwiązany 19 razy
  • Średni wynik to 26 z 49
Odpowiedzi na mapie
Odpowiedzi zakodowano w zielono-czerwonej skali na mapie do tego quizu, zgodnie z poniższymi procentami.
 
Statystyki odpowiedzi
Miasto % Poprawnych
Białystok
100%
Łomża
100%
Suwałki
100%
Augustów
93%
Grodno
93%
Ostrołęka
86%
Sokółka
86%
Sejny
79%
Siemiatycze
79%
Bielsk
71%
Choroszcz
71%
Grajewo
71%
Kolno
71%
Łapy
64%
Ostrów Mazowiecka
64%
Supraśl
64%
Szczuczyn
64%
Wasilków
64%
Zabłudów
64%
Zambrów
64%
Brańsk
57%
Dąbrowa
57%
Goniądz
57%
Jedwabne
57%
Wysokie Mazowieckie
57%
Ciechanowiec
50%
Drohiczyn
50%
Knyszyn
50%
Krynki
50%
Nowogród
50%
Tykocin
50%
Rajgród
43%
Stawiski
43%
Suchowola
43%
Suraż
43%
Brok
36%
Kleszczele
29%
Narew
29%
Wołkowysk
29%
Boćki
21%
Sokoły
21%
Indura
14%
Mielnik
14%
Nowy Dwór
14%
Skidel
14%
Świsłocz
14%
Druskieniki
7%
Odelsk
7%
Starosielce
7%
Nie znaleziono quizów pasujących do podanych kryteriów
Rozkład punktacji
Procent ludzi z każdym wynikiem
Percentyl według liczby udzielonych odpowiedzi
Twoja historia wyników
Nie rozwiązałeś tego quizu